000 00325pab a2200133 454500
008 180718b1989 xxu||||| |||| 00| 0 eng d
100 _aReich, Robert B.
245 _aCorporation and nation
260 _c1989
300 _a2-6
650 _aInternational Business Enterprises
773 _aAmerican Review
909 _a11692
999 _c11692
_d11692